[Event "IND-ch U17 Girls"]
[Site "Haryana"]
[Date "2018.09.03"]
[Round "1"]
[White "Manodhya, Prakrati"]
[Black "Priyanka, K."]
[Result "0-1"]
[WhiteElo "1376"]
[BlackElo "2163"]
[PlyCount "56"]
[EventDate "2018.09.03"]
[EventType "swiss"]
[EventRounds "11"]
[EventCountry "IND"]
[SourceTitle "CBM 186 Extra"]
[Source "ChessBase"]
[SourceDate "2018.08.24"]
[SourceVersion "1"]
[SourceVersionDate "2018.08.24"]
[SourceQuality "1"]

1. c4 Nf6 2. Nc3 g6 3. b3 Bg7 4. Bb2 d6 5. g3 0-0 6. Bg2 e5 7. Nf3 Nc6 8. d4 Nd7 9. d5 Ne7 10. 0-0 f5 11. e4 h6 12. Qe2 f4 13. Bh3 Nf6 14. Bg2 g5 15. Nd2 g4 16. f3 Ng6 17. Qf2 h5 18. Ne2 fxg3 19. hxg3 h4 20. f4 hxg3 21. Qxg3 Nh5 22. Qh2 Nhxf4 23. Nxf4 Nxf4 24. Rf2 Bf6 25. Nf1 Rf7 26. Qg3 Bh4 27. Qc3 Bxf2+ 28. Kxf2 Nxd5+ 0-1